Zia Angelina /

I tiakina i:
Ngā taipitopito rārangi puna kōrero
Ētahi atu kaituhi: Chelton, Tsilla, Chatiliez, Étienne, Jacob, Catherine
Hōputu: Reti
Reo:Itāriana
I whakaputaina: [Italia] : Fonit Cetra video, 1990
Ngā Tūtohu: Tāpirihia he Tūtohu
Kāore He Tūtohu, Me noho koe te mea tuatahi ki te tūtohu i tēnei pūkete!

MARC

LEADER 00000ngm a22000007i 4500
001 IT\ICCU\UBO\3373174
003 ItRI
005 20260124182813.0
008 080213s1990 it |||||||||||||||k|||||c
028 4 2 |a FCEB9010 
040 |b ita 
041 7 |a ita  |2 ISO-639-2 
130 0 |a Tatie Danielle <film ; 1990>  |3 IT\ICCU\UBO\3373179 
245 0 0 |a Zia Angelina /  |c un film di Etienne Chatiliez. 
260 |a [Italia] :  |b Fonit Cetra video,  |c 1990 
300 |a 1 videocassetta (VHS) (90 min.) :  |b color. (PAL), son 
500 |a Tit. del contenitore 
500 |a Film del 1990, prod. Francia; interpreti: Catherine Jacob, Tsilla Chelton. 
700 1 |a Chelton, Tsilla  |0 IT\ICCU\LO1V\300949 
700 1 |a Chatiliez, Étienne  |0 IT\ICCU\MODV\129507 
700 1 |a Jacob, Catherine  |0 IT\ICCU\UBOV\828336 
942 |2 ddc  |c VM  |n 0 
952 |0 0  |1 0  |4 0  |6 VO_314_000000000000000  |7 0  |9 26566  |a BO  |b BO  |d 2026-01-24  |i 6904  |l 0  |o VO 314  |p BO6904  |r 2026-01-24 18:28:13  |w 2026-01-24  |x [Sebina 5] [1 videocassetta]  |y VM  |z 1 videocassetta 
999 |c 22467  |d 22467